logo

Bir Sreshtho Munshi Abdur Rouf Library
Jhenaidah Cadet College

Plants Group / (Record no. 7527)

MARC details
000 -LEADER
fixed length control field 01146cam a22003014a 4500
001 - CONTROL NUMBER
JCCL Control Number 7527
003 - CONTROL NUMBER IDENTIFIER
JCCL marc code BD-JhCC
005 - DATE AND TIME OF LATEST TRANSACTION
control field 20180305202408.0
008 - FIXED-LENGTH DATA ELEMENTS--GENERAL INFORMATION
fixed length control field 030220s2004 nyua c b 001 0 eng
020 ## - INTERNATIONAL STANDARD BOOK NUMBER
International Standard Book Number 1590361148 (lib. bdg. : alk. paper)
035 ## - SYSTEM CONTROL NUMBER
system control number (BD-JhCC)7527
040 ## - CATALOGING SOURCE
Original cataloging agency DLC
Transcribing agency DLC
Modifying agency DLC
-- BD-JhCC
041 ## - LANGUAGE CODE
Language code of Book eng
050 00 - LIBRARY OF CONGRESS CALL NUMBER
Classification number QE906
Item number .A78 2004
082 00 - DEWEY DECIMAL CLASSIFICATION NUMBER
Classification number 561
DDC Edition number 21
Author mark and Year MUK 2004
100 1# - MAIN ENTRY--PERSONAL NAME
Personal name Mukheraji H.
245 10 - TITLE STATEMENT
Title Plants Group /
Statement of responsibility, etc H. Mkherji
260 ## - PUBLICATION, DISTRIBUTION, ETC. (IMPRINT)
Place of publication, distribution, etc New York :
Name of publisher, distributor, etc Weigl Publishers,
Date of publication, distribution, etc c2004.
300 ## - PHYSICAL DESCRIPTION
Pagination 1117 p. :
Other physical details col. ill. ;
Dimensions 26 cm.
490 1# - SERIES STATEMENT
Series statement Prehistoric life
504 ## - BIBLIOGRAPHY, ETC. NOTE
Bibliography, etc Includes bibliographical references (p. 28) and index.
505 0# - FORMATTED CONTENTS NOTE
Formatted contents note Coming ashore -- Plants take over -- A different earth -- Adapting to change -- Plant fossils -- Revealing evidence -- Plant detectives -- Plant groups -- Plants closeup -- Life cycle of plants -- Plants in the food web -- Disappearing act -- Starring role for plants -- Digging for plants.
650 #0 - SUBJECT ADDED ENTRY--TOPICAL TERM
Topical term or geographic name as entry element Plants, Fossil
Form subdivision Juvenile literature.
650 #1 - SUBJECT ADDED ENTRY--TOPICAL TERM
Topical term or geographic name as entry element Plants, Fossil.
830 #0 - SERIES ADDED ENTRY--UNIFORM TITLE
Uniform title Prehistoric life (Mankato, Minn.)
942 ## - ADDED ENTRY ELEMENTS (KOHA)
Source of classification or shelving scheme Dewey Decimal Classification
Koha item type Books
Holdings
Source of classification or shelving scheme Damaged status Not for loan Home library Current library Shelving location Total Checkouts Full call number Barcode Date last seen Copy number Koha item type
Dewey Decimal Classification     JCC Rouf Library JCC Rouf Library General Stacks   561 MUK 2004 10148 02/11/2018 C - 1 Books
Dewey Decimal Classification     JCC Rouf Library JCC Rouf Library General Stacks   561 MUK 2004 11859 03/05/2018 C - 2 Books

JCC Library | Contacts | JCC Home

Last Update on 23 September 2017
Copyright @ 2017-2020 JCC Rouf Library
Rouf Library, Jhenidah Cadet College (JCC), Bangladesh